Statistics for Countries of the World - One Minute Sprint

Click here to take the quiz!

General Stats

  • This quiz has been taken 474,896 times
    (473,907 since last reset)
  • The average score is 29 of 196

Answers on the Map

Answers color-coded by a green-red scale on the quiz's map according to % correct below.
Loading ...
 

Answer Stats

Country% Correct
United States
92%
Canada
86%
Russia
80%
United Kingdom
78%
China
76%
Mexico
73%
Brazil
68%
France
67%
Spain
64%
India
58%
Australia
55%
Germany
51%
Japan
49%
Sweden
48%
Italy
47%
Ireland
47%
Norway
45%
Chile
44%
Iceland
44%
Denmark
41%
Portugal
41%
Argentina
41%
Finland
40%
Peru
40%
Egypt
30%
Iran
28%
United Arab Emirates
27%
Cuba
27%
Iraq
27%
Poland
26%
Mongolia
26%
Ukraine
25%
Chad
24%
Democratic Republic
of the Congo
23%
New Zealand
21%
South Africa
21%
Colombia
21%
Oman
20%
Austria
20%
Bolivia
20%
Panama
19%
Algeria
19%
Greece
19%
Yemen
19%
Republic of the Congo
18%
Turkey
18%
Mali
18%
Libya
18%
Niger
18%
Sudan
17%
Indonesia
17%
South Korea
16%
Haiti
16%
Ecuador
16%
Belgium
16%
Uruguay
16%
Saudi Arabia
15%
Paraguay
15%
Central African Republic
14%
Venezuela
14%
Nigeria
14%
North Korea
14%
Latvia
13%
Laos
13%
Netherlands
13%
Nepal
13%
Morocco
13%
Togo
13%
Fiji
13%
Estonia
13%
Jamaica
12%
Pakistan
12%
Thailand
12%
Belize
12%
Israel
11%
Vietnam
11%
Tunisia
10%
Malta
10%
Madagascar
10%
Guatemala
10%
Bahamas
10%
Belarus
10%
Sri Lanka
10%
Honduras
10%
Dominica
9%
Benin
9%
Qatar
9%
Bhutan
9%
Lithuania
9%
Syria
9%
Tonga
9%
Costa Rica
9%
Taiwan
9%
Guyana
8%
Monaco
8%
Dominican Republic
8%
Switzerland
8%
Andorra
8%
Suriname
8%
Nicaragua
8%
Angola
8%
Malaysia
8%
Romania
8%
Kenya
8%
Kazakhstan
8%
Ghana
8%
Samoa
7%
Serbia
7%
Cambodia
7%
Somalia
7%
South Sudan
7%
Croatia
7%
Myanmar
7%
Vatican City
7%
Hungary
7%
Jordan
7%
El Salvador
7%
Palau
7%
Nauru
7%
Ethiopia
6%
Cyprus
6%
Papua New Guinea
6%
Albania
6%
Slovakia
6%
Kuwait
6%
Singapore
6%
Bulgaria
6%
Philippines
6%
Tuvalu
5%
Slovenia
5%
Afghanistan
5%
Lebanon
5%
Malawi
5%
Guinea
5%
Brunei
5%
Lesotho
5%
Bosnia and
Herzegovina
5%
Bahrain
5%
Bangladesh
4%
Barbados
4%
Vanuatu
4%
Antigua and Barbuda
4%
Uganda
4%
Czechia
4%
Gabon
4%
Zambia
4%
Kiribati
4%
Kosovo
4%
Namibia
4%
Gambia
4%
Saint Kitts and Nevis
4%
San Marino
4%
Moldova
4%
Luxembourg
4%
Saint Lucia
4%
Tanzania
3%
Senegal
3%
Rwanda
3%
Botswana
3%
North Macedonia
3%
Eritrea
3%
Maldives
3%
Georgia
3%
Trinidad and Tobago
3%
Grenada
3%
Mauritania
3%
Saint Vincent and the
Grenadines
3%
Liberia
3%
Armenia
3%
Cameroon
3%
Uzbekistan
2%
Azerbaijan
2%
Liechtenstein
2%
Burundi
2%
Montenegro
2%
São Tomé and Príncipe
2%
Cape Verde
2%
Eswatini
2%
Seychelles
2%
Guinea-Bissau
2%
Mozambique
2%
Comoros
2%
Federated States of
Micronesia
2%
East Timor
2%
Djibouti
2%
Zimbabwe
2%
Equatorial Guinea
1%
Burkina Faso
1%
Marshall Islands
1%
Turkmenistan
1%
Tajikistan
1%
Mauritius
1%
Solomon Islands
1%
Kyrgyzstan
1%
Sierra Leone
1%
Ivory Coast
1%

Score Distribution

Percentile by Number Answered

Percent of People with Each Score

Your Score History

You have not taken this quiz since the last reset